000 00865nam a2200229Ia 4500
005 20240530102937.0
008 140319s1994 xx 000 0 ara d
040 _aGCL /
_cGCL
082 0 4 _a410 /
_bم ج
100 _aمصطفى الشكعة
245 1 0 _aجلال الدين السيوطى : مسيرته العلمية ومباحثاته اللغوية /
_cمصطفى الشكعة
250 _aالاولى
260 _aالقاهرة :
_bالدار المصرية اللبنانية،
_c1994
300 _a350ص؛
_c24 سم
490 _aموسوعة الدراسات السيوطية
_v( 1 )
650 0 7 _aجلال الدين السيوطى
650 0 7 _aاللغة العربية
650 0 7 _aالخلفاء العباسين
650 0 7 _aالمباحث اللغوية
942 _2ddc
_cBK
999 _c35555
_d35555